Mewudjudkan kesedjahteraan sosial dengan pembangunan semesta. (Record no. 86951)

MARC details
000 -LEADER
fixed length control field 00858cam a22002291 4500
001 - CONTROL NUMBER
control field sa 68016229
003 - CONTROL NUMBER IDENTIFIER
control field DLC
005 - DATE AND TIME OF LATEST TRANSACTION
control field 20260227112652.0
008 - FIXED-LENGTH DATA ELEMENTS--GENERAL INFORMATION
fixed length control field 721031s1962 xx 000 0 ind
010 ## - LIBRARY OF CONGRESS CONTROL NUMBER
LC control number sa 68016229
035 ## - SYSTEM CONTROL NUMBER
System control number (OCoLC)480511
040 ## - CATALOGING SOURCE
Original cataloging agency DLC
Transcribing agency OAU
Modifying agency DLC
042 ## - AUTHENTICATION CODE
Authentication code premarc
050 00 - LIBRARY OF CONGRESS CALL NUMBER
Classification number HV403
Item number .P73
100 1# - MAIN ENTRY--PERSONAL NAME
Personal name Praptokusumo, Sumantri.
245 10 - TITLE STATEMENT
Title Mewudjudkan kesedjahteraan sosial dengan pembangunan semesta.
260 ## - PUBLICATION, DISTRIBUTION, ETC.
Place of publication, distribution, etc. Djakarta,
Name of publisher, distributor, etc. Bagian Penjuluhan, Djawatan Pekerdjaan Sosial, Departemen Sosial R. I.
Date of publication, distribution, etc. [1962]
300 ## - PHYSICAL DESCRIPTION
Extent 26 p.
Dimensions 20 cm.
500 ## - GENERAL NOTE
General note Paper delivered at the Simposium Ilmu Pendidikan dan Pekerdjaan Sosial, held at the Universitas Padjadjaran, Bandung, Oct. 1961.
650 #0 - SUBJECT ADDED ENTRY--TOPICAL TERM
Topical term or geographic name entry element Public welfare
Geographic subdivision Indonesia.
711 1# - ADDED ENTRY--MEETING NAME
Meeting name or jurisdiction name as entry element Simposium Ilmu Pendidikan dan Pekerdjaan Sosial, Universitas Padjadjaran,
Date of meeting or treaty signing 1961.

No items available.

Powered by Koha